00000000nam 2200000zi 4500
0019.933135
003CaOODSP
00520250124122958
006m     o  d f      
007cr |n|||||||||
008240130e197601  onc     obs  f000 0|eng d
040 |aCaOODSP|beng|erda|cCaOODSP
043 |an-cn---
0861 |aId35-9/1976E-PDF
24504|aThe confectionery industry of Canada : |ba survey of operating results : survey II.
264 1|aOttawa, Canada : |bDepartment of Industry, Trade and Commerce, Agriculture, Fisheries and Food Products Branch, |cJanuary 1976.
300 |a1 online resource (153 pages)
336 |atext|btxt|2rdacontent
337 |acomputer|bc|2rdamedia
338 |aonline resource|bcr|2rdacarrier
500 |aDigitized edition from print [produced by Innovation, Science and Economic Development Canada].
504 |aIncludes bibliographical references.
650 0|aConfectionery|zCanada|vStatistics.
650 0|aConfectionery|vStatistics.
650 6|aConfiseries|xIndustrie|zCanada|vStatistiques.
650 6|aConfiseries|xIndustrie|vStatistiques.
655 7|aStatistics|2lcgft
655 7|aStatistiques|2rvmgf
7101 |aCanada. |bDepartment of Industry, Trade and Commerce, |eissuing body.
85640|qPDF|s1.61 MB|uhttps://publications.gc.ca/collections/collection_2025/isde-ised/Id35-9-1976-eng.pdf